000 01007cam a2200313 i 4500
001 4137857
003 NUST - PNEC
005 20170116181042.0
008 770203s1977 nyu b 001 0 eng
010 _a 77001133
020 _a0471160415
040 _cLIBRARY
050 0 0 _aQC242.2
_b.C55
082 0 0 _a551.4601 CLA
100 1 _aClay, Clarence S.
_q(Clarence Samuel),
_d1923-
245 1 0 _aAcoustical oceanography :
_bprinciples and applications /
_cClarence S. Clay, Herman Medwin.
260 _aNew York :
_bWiley,
_cc1977.
300 _axviii, 544 p. :
_bill. ;
_c24 cm.
490 0 _aOcean engineering, a Wiley series
500 _a"A Wiley-Interscience publication."
500 _aIncludes index.
504 _aBibliography: p. 526-536.
650 0 _aUnderwater acoustics.
_xME
650 0 _aSeawater
_xAcoustic properties.
650 0 _aOceanography.
700 1 _aMedwin, Herman,
_d1920-
_ejoint author.
906 _a7
_bcbc
_corignew
_d1
_eocip
_f19
_gy-gencatlg
942 _2ddc
_cBK
999 _c68146
_d68146